| 000 -LEADER |
| fixed length control field |
02143 a2200253 4500 |
| 003 - CONTROL NUMBER IDENTIFIER |
| control field |
OSt |
| 005 - DATE AND TIME OF LATEST TRANSACTION |
| control field |
20180116182723.0 |
| 008 - FIXED-LENGTH DATA ELEMENTS--GENERAL INFORMATION |
| fixed length control field |
160427b xxu||||| |||| 00| 0 eng d |
| 020 ## - INTERNATIONAL STANDARD BOOK NUMBER |
| International Standard Book Number |
0761926658 |
| 020 ## - INTERNATIONAL STANDARD BOOK NUMBER |
| International Standard Book Number |
9780761926658 |
| 040 ## - CATALOGING SOURCE |
| Transcribing agency |
0 |
| 082 04 - DEWEY DECIMAL CLASSIFICATION NUMBER |
| Classification number |
001.4 |
| 100 ## - MAIN ENTRY--PERSONAL NAME |
| Personal name |
Stake, Dr. Robert E. |
| 245 00 - TITLE STATEMENT |
| Title |
Standards-based and responsive evaluation. |
| 250 ## - EDITION STATEMENT |
| Edition statement |
1st ed. |
| 260 ## - PUBLICATION, DISTRIBUTION, ETC. |
| Place of publication, distribution, etc. |
[S.l.] : |
| Name of publisher, distributor, etc. |
Sage Publications, Inc, |
| Date of publication, distribution, etc. |
2003. |
| 300 ## - PHYSICAL DESCRIPTION |
| Extent |
368 p. ; |
| Dimensions |
23 cm. |
| 500 ## - GENERAL NOTE |
| General note |
Paperback. |
| 520 ## - SUMMARY, ETC. |
| Summary, etc. |
The book begins with the main strategic choices an evaluator needs to make between approaches: quantitatively,by explicating criteria, needs, standards, and performances, or qualitatively, by studying the activity, aspirations, problems, and accomplishments of the participants and critical observers. After reading the text, students will have a better appreciation of evaluation as a process that needs to be custom-fit to the situation. Throughout the book, Stake presents evaluation as a series of choices for the reader: - To remain independent or to join with program staff or stakeholders - To value personal experience as evidence or to shun it as biased - To aid development formatively or to assess the existing program summatively - To use issues, goals, gains, efficiency, or problem solving as the key conceptual structure - To invest small or large in trying out and validating data-gathering procedures - To support the standards and ethical codes of professional associations Standards-Based and Responsive Evaluation will prove an essential text for program evaluation courses in education, nursing, social work, psychology, sociology, communication, and anthropology. Experienced researchers and professional evaluators will also find this an invaluable reference for a more experiential, interpretive approach to evaluation work and policy setting. |
| 700 1# - ADDED ENTRY--PERSONAL NAME |
| Personal name |
Stake, Dr. Robert E. |
| 856 40 - ELECTRONIC LOCATION AND ACCESS |
| Materials specified |
Amazon.com |
| Uniform Resource Identifier |
<a href="http://www.amazon.com/exec/obidos/ASIN/0761926658/chopaconline-20">http://www.amazon.com/exec/obidos/ASIN/0761926658/chopaconline-20</a> |
| 856 40 - ELECTRONIC LOCATION AND ACCESS |
| Materials specified |
Amazon customer reviews |
| Uniform Resource Identifier |
<a href="http://www.chopac.org/cgi-bin/tools/azrev.pl?q=0761926658">http://www.chopac.org/cgi-bin/tools/azrev.pl?q=0761926658</a> |
| 942 ## - ADDED ENTRY ELEMENTS (KOHA) |
| Institution code [OBSOLETE] |
NBS |
| Koha item type |
Book |
| Call number prefix |
001.4 STA |
| Source of classification or shelving scheme |
|